Statistics for Maghreb Countries

Click here to take the quiz!

General Stats

  • This quiz has been taken 19 times
  • The average score is 5 of 5

Answer Stats

Answer% Correct
Algeria
100%
Tunisia
100%
Libya
95%
Morocco
95%
Egypt
84%

Score Distribution

Percentile by Number Answered

Percent of People with Each Score

Your Score History

You have not taken this quiz